000 02262cas a2200553 i 4500
001 data
005 20260322212111.0
008 data
010 _a 62027240
016 _a(AMICUS)000000785191
019 _a1033052803
022 _a0026-606X
023 0 _a0026-606X
029 1 _aAU@
_b000023186634
029 1 _aNLC
_b000000785191
029 1 _aNZ1
_b3775959
035 _a(OCoLC)1779879
040 _aDLC
_beng
_cMUL
_dOCLCQ
_dNSD
_dDLC
_dOCL
_dNSD
_dDLC
_dOCLCQ
_dOCLCF
_dOCLCO
_dCGU
_dNLC
_dOCLCQ
_dOCL
_dOCLCL
_dOCLCQ
042 _apcc
050 0 0 _aBV2350
_b.N45
082 0 _a266/.005
110 2 _aMissionary Research Library (New York, N.Y.)
_1https://id.oclc.org/worldcat/entity/E39QQPVp7TX3Rwf4GtV4Vy3HRg
245 1 0 _aOccasional bulletin from the Missionary Research Library.
247 0 1 _aOccasional bulletin - Missionary Research Library
_f1950-Mar. 1958
260 _aNew York :
_b[Missionary Research Library],
_c[1950-1976]
300 _a26 volumes ;
_c29 cm
336 _atext
_btxt
_2rdacontent
337 _aunmediated
_bn
_2rdamedia
338 _avolume
_bnc
_2rdacarrier
362 0 _aV. [1]- Mar. 1950-
362 1 _aCeased with v. 26, no. 8 (Nov./Dec. 1976).
500 _aTitle varies slightly.
515 _aVol. 23, no. 6-7 never published.
547 _aTitle varies: 1950-March 1958, Occasional bulletin -- April 1958-December 1976, Occasional bulletin from the Missionary Research Library.
555 _aVols. 1-5, 1950-1954, with v. 4-6; Vols. 6-8, 1955-1957, with v. 7-8.
650 0 _aMissions.
650 0 _aMissions
_vBibliography.
650 7 _aMissions.
_2fast
_0(OCoLC)fst01023771
655 7 _aBibliographies.
_2fast
_0(OCoLC)fst01919895
776 0 8 _iOnline version:
_tOccasional bulletin (Missionary Research Library : Online)
_x0026-606X
_w(OCoLC)456218480
785 0 0 _tOccasional bulletin of missionary research
_x0364-2178
_w(OCoLC)2650440
_w(OCoLC)2650440
906 _a7
_bcbc
_cserials
_d3
_encip
_f19
_gn-oclcserc
590 _aSERBIB/SERLOC merged record
890 _aNew York. Missionary Research Library. Occasional bulletin.
_isv88-77249
920 _aKeep 1
991 _bc-GenColl
_hBV2350
_i.N45
_wSERIALS
992 _bSER
_wSERLOC
999 _c1649
_d1649